Days Of The Week In 15 Seconds - Statistics

General Stats
  • This quiz has been taken 23 times
  • The average score is 6 of 7
Answer Stats
Day % Correct
Monday
100%
Sunday
100%
Tuesday
100%
Wednesday
100%
Thursday
88%
Friday
75%
Saturday
63%
No matching quizzes found
Score Distribution
Percent of People with Each Score
Percentile by Number Answered
Your Score History
You have not taken this quiz